Detalles MARC
| 000 -LEADER |
| fixed length control field |
01793nam a2200337 a 4500 |
| 001 - CONTROL NUMBER |
| control field |
|
| 003 - CONTROL NUMBER IDENTIFIER |
| control field |
DO-SdBNP |
| 005 - DATE AND TIME OF LATEST TRANSACTION |
| control field |
20220117122341.0 |
| 008 - FIXED-LENGTH DATA ELEMENTS--GENERAL INFORMATION |
| fixed length control field |
100908s2011 dr g 000 0dspa d |
| 020 ## - INTERNATIONAL STANDARD BOOK NUMBER |
| International Standard Book Number |
9789945074345 |
| 040 ## - CATALOGING SOURCE |
| Original cataloging agency |
DO-SdBNP |
| Language of cataloging |
spa |
| Transcribing agency |
BPMSU |
| 082 ## - DEWEY DECIMAL CLASSIFICATION NUMBER |
| Classification number |
972.93053 |
| Item number |
L256y, 2011 |
| Edition number |
22 |
| 100 1# - MAIN ENTRY--PERSONAL NAME |
| Personal name |
Landestoy, Carmita, |
| Numeration |
1880-1988 |
| 245 10 - TITLE STATEMENT |
| Title |
¡Yo también acuso! : |
| Remainder of title |
Rafael Leonidas Trujillo tirano de la República Dominicana / |
| Statement of responsibility, etc. |
Carmita Landestoy ; liminar José Rafael Lantigua ; introducción Bernardo Vega. |
| 250 ## - EDITION STATEMENT |
| Edition statement |
4a. ed. |
| 260 ## - PUBLICATION, DISTRIBUTION, ETC. (IMPRINT) |
| Place of publication, distribution, etc. |
Santo Domingo : |
| Name of publisher, distributor, etc. |
Archivo General de la Nación, |
| Date of publication, distribution, etc. |
2011. |
| 300 ## - PHYSICAL DESCRIPTION |
| Extent |
279 p. ; |
| Dimensions |
25 cm. |
| 490 0# - SERIES STATEMENT |
| Series statement |
Archivo General de la Nación, |
| Volume/sequential designation |
141 |
| 500 ## - GENERAL NOTE |
| General note |
Incluye datos biográficos del autor en la solapa de la cubierta |
| 500 ## - GENERAL NOTE |
| General note |
Incluye índice |
| 505 0# - FORMATTED CONTENTS NOTE |
| Miscellaneous information |
Liminar / |
| Statement of responsibility |
José Rafael Lantigua -- |
| Miscellaneous information |
Introducción / |
| Statement of responsibility |
Bernardo Vega -- |
| Title |
A manera de prólogo -- |
| -- |
Por qué escribo este libro -- |
| -- |
Consideraciones generales acerca de las dictaduras en América -- |
| -- |
Tiranía de Trujillo en la República Dominicana -- |
| -- |
El progreso material -- |
| -- |
Los monopolios de Trujillo y sus familiares -- |
| -- |
¿En qué leyes se apoya Trujillo para permanecer en el poder? |
| -- |
La filosofía de Trujillo. |
| 534 ## - ORIGINAL VERSION NOTE |
| Main entry of original |
Yo tambien acuso |
| Publication, distribution, etc. of original |
New York : Azteca Pres, 1946. |
| Note about original |
Originales provistos por Bernardo Vega |
| 590 ## - LOCAL NOTE (RLIN) |
| Local note |
Inventariado, 2022/VM |
| 650 #4 - SUBJECT ADDED ENTRY--TOPICAL TERM |
| Topical term or geographic name as entry element |
Persecuciones políticas |
| Geographic subdivision |
República Dominicana |
| Form subdivision |
|
| 651 #4 - SUBJECT ADDED ENTRY--GEOGRAPHIC NAME |
| Geographic name |
República Dominicana |
| General subdivision |
Historia |
| Chronological subdivision |
Era de Trujillo,1930-1961 |
| 651 #4 - SUBJECT ADDED ENTRY--GEOGRAPHIC NAME |
| Geographic name |
República Dominicana |
| General subdivision |
Política y Gobierno |
| Chronological subdivision |
Era de Trujillo,1930-1961 |
| 700 1# - ADDED ENTRY--PERSONAL NAME |
| Personal name |
Lantigua, José Rafael, |
| Numeration |
1949-, |
| Relator term |
pról. |
| 710 2# - ADDED ENTRY--CORPORATE NAME |
| Corporate name or jurisdiction name as entry element |
Archivo General de la Nación (República Dominicana) |
| 910 ## - USER-OPTION DATA (OCLC) |
| User-option data |
VMateo V. |
| 942 ## - ADDED ENTRY ELEMENTS (KOHA) |
| Source of classification or shelving scheme |
Dewey Decimal Classification |
| Koha item type |
Libros |